Regional analyses of runoff characteristics for small urban watersheds /

Bibliographic Details
Main Author: Shih, George B.
Corporate Author: United States. Office of Water Research and Technology
Other Authors: Riley, J. Paul (John Paul), 1927-, Israelsen, Eugene K., 1936-
Format: Book
Language:English
Published: Logan : Utah Water Research Laboratory, College of Engineering, Utah State University, 1975.
Series:PRWG no. 87-1.
Subjects:

MARC

Tag First Indicator Second Indicator Subfields
LEADER 00000cam a2200000 i 4500
001 in00000601751
005 20151222090849.0
008 761103s1975 utua b s00010 eng
010 |a  76623196  
035 |a (OCoLC)02799849 
035 |9 ACQ9159AM 
040 |a DLC  |c DLC  |d m.c.  |d TXA  |d UtOrBLW 
043 |a n-us-tx 
049 1 |a TXA2 
050 0 0 |a TD224.U8  |b U85 87-1  |a GB980 
082 0 |a 553/.7/08 s  |a 551.4/98 
090 |a TD224.U8  |b P3 no. 87-1 
100 1 |a Shih, George B. 
245 1 0 |a Regional analyses of runoff characteristics for small urban watersheds /  |c by George B. Shih, J. Paul Riley, Eugene K. Israelsen. 
264 1 |a Logan :  |b Utah Water Research Laboratory, College of Engineering, Utah State University,  |c 1975. 
300 |a viii, 69 pages :  |b illustrations ;  |c 28 cm. 
336 |a text  |b txt  |2 rdacontent 
337 |a unmediated  |b n  |2 rdamedia 
338 |a volume  |b nc  |2 rdacarrier 
490 1 |a PRWG (Utah Water Research Laboratory) ;  |v no. 87-1 
504 |a Bibliography: pages 43-45. 
650 0 |a Runoff  |x Mathematical models. 
650 0 |a Runoff  |x Data processing. 
650 0 |a Runoff  |z Texas. 
650 0 |a Urban hydrology. 
700 1 |a Riley, J. Paul  |q (John Paul),  |d 1927- 
700 1 |a Israelsen, Eugene K.,  |d 1936- 
710 1 |a United States.  |b Office of Water Research and Technology.  |g  Project A-047-UTAH. 
830 0 |a PRWG  |v no. 87-1. 
999 |a MARS 
999 f f |s b488288a-498f-3277-b2cf-3cf1125f1b73  |i 768ea168-0fb5-32fe-838f-c3b3bacaab3f  |t 0 
952 f f |p ric  |a Texas A&M University  |b Rellis Campus  |c Joint Library Facility  |d Remote Storage  |t 0  |e TD224.U8 P3 no. 87-1  |h Library of Congress classification  |i unmediated -- volume  |k no.87-1  |l 1975  |m A14841921795 
998 f f |a TD224.U8 P3 no. 87-1  |t 0  |l Remote Storage